| 000 | 00441nam a2200157Ia 4500 | ||
|---|---|---|---|
| 999 |
_c4702 _d4702 |
||
| 020 | _a0-415-31160-8 | ||
| 082 | _aRR 327.03 ENC- | ||
| 245 | 0 | _aEncyclopedia of international relations and global politics | |
| 260 |
_aLondon _bRoutledge _c2005 |
||
| 300 | _axviii, 911 | ||
| 504 | _aincludes index | ||
| 650 |
_aInternational relations _vEncyclopedia |
||
| 650 |
_aWorld politics _vEncyclopedias |
||
| 700 | _aGriffiths, Martin | ||
| 942 | _cBK | ||